| 000 | 00799nas a2200265 4500 | ||
|---|---|---|---|
| 001 | BR9705278 | ||
| 003 | BR-BrBNA | ||
| 005 | 20231205100623.0 | ||
| 007 | ta | ||
| 008 | 230509b bl.|||p| |||| 00| 00por d | ||
| 040 |
_aBR-BrBNA _bpor _cBiblioteca Nacional de Agricultura |
||
| 041 | _a(Pt) | ||
| 072 | _aL50 | ||
| 100 | 1 | _aCarvalho, G.M.C. | |
| 100 | 1 | _aOliveira, D.A.A. | |
| 100 | 1 | _aMiller, W.J. | |
| 245 | 1 | _aRelacao entre fatores sanguineos de bovinos em bubalinos | |
| 650 | _aBoi | ||
| 650 | _aBufalo | ||
| 650 | _aGrupo Sanguineo | ||
| 650 | _aAnalise de Laboratorio | ||
| 773 | 0 |
_tArquivo Brasileiro de Medicina Veterinaria e Zootecnia (Brazil) _xISSN 0102-0935 _g(Aug 1997), v. 49(4) p. 473-482 _wBR9705278 |
|
| 909 |
_a202311 _bLúcia _c55 _dLúcia Elande |
||
| 942 |
_2AGRIS _n0 _cANA |
||
| 999 |
_c157047 _d157047 |
||